[Event "TCh-RUS"]
[Site "Togliatti RUS"]
[Date "2003.05.22"]
[Round "7"]
[White "Grachev,B"]
[Black "Olenin,N"]
[Result "1-0"]
[WhiteElo "2483"]
[BlackElo "2406"]
[EventDate "2003.05.16"]

1. d4 Nf6 2. c4 e6 3. Nc3 Bb4 4. Qc2 c5 5. dxc5 O-O 6. a3 Bxc5 7. Nf3 b6 8.
Bf4 Bb7 9. Rd1 a6 10. h3 Nc6 11. e3 Re8 12. Be2 Bf8 13. O-O d6 14. Rd2 Qc7
15. Rfd1 Red8 16. Nd5 exd5 17. cxd5 Rac8 18. dxc6 Qxc6 19. Qxc6 Rxc6 20.
Nd4 Rc5 21. Nb3 Rcc8 22. f3 d5 23. Nd4 g6 24. Rc2 Rxc2 25. Nxc2 Rc8 26. Rd2
Bc5 27. Kf2 Nh5 28. Be5 f6 29. Bc3 Kf7 30. g4 Ng7 31. Nb4 Re8 32. Nxd5 Bxd5
33. Rxd5 Bxe3+ 34. Kf1 a5 35. Rd6 Ke7 36. Rd3 Bc5 37. b4 axb4 38. axb4 Bd6
39. Bxf6+ Kxf6 40. Rxd6+ Re6 41. Rd7 Re7 42. Rxe7 Kxe7 43. Kf2 Kd6 44. Ke3
Kd5 45. f4 h6 46. Bf3+ Ke6 47. Kd4 Kd6 48. Be4 g5 49. fxg5 hxg5 50. Bf3 b5
51. Ke4 Ke7 52. Ke5 Ne8 53. Kf5 Kf8 54. Kxg5 Kg7 55. h4 Nc7 56. h5 Na6 57.
h6+ Kh7 58. Kf6 1-0

[Event "TCh-RUS"]
[Site "Togliatti RUS"]
[Date "2003.05.22"]
[Round "7"]
[White "Platonov,E"]
[Black "Geller,J"]
[Result "0-1"]
[WhiteElo "2392"]
[BlackElo "2441"]
[EventDate "2003.05.16"]

1. d4 d5 2. c4 e6 3. Nc3 c6 4. Nf3 dxc4 5. a4 Bb4 6. e3 b5 7. Bd2 a5 8.
axb5 Bxc3 9. Bxc3 cxb5 10. b3 Bb7 11. d5 Nf6 12. bxc4 b4 13. Bxf6 Qxf6 14.
Qa4+ Nd7 15. Nd4 e5 16. Nb3 Ke7 17. Be2 Rhc8 18. O-O Nc5 19. Nxc5 Rxc5 20.
Rad1 Kf8 21. f4 e4 22. Rd4 Re8 23. Ra1 Bc8 24. d6 Rd8 25. Rad1 Bd7 26. Qb3
Rb8 27. Rxe4 a4 28. Qa2 b3 29. Qa3 b2 30. Rb1 Qf5 31. Bd3 Rb3 0-1

[Event "TCh-RUS"]
[Site "Togliatti RUS"]
[Date "2003.05.22"]
[Round "7"]
[White "Konstantinov,Vas"]
[Black "Alavkin,A"]
[Result "1/2-1/2"]
[WhiteElo "2254"]
[BlackElo "2482"]
[EventDate "2003.05.16"]

1. e4 e6 2. Nf3 d5 3. Nc3 Nf6 4. e5 Nfd7 5. d4 c5 6. dxc5 Nc6 7. Bf4 Bxc5
8. Bd3 a6 9. O-O Ba7 10. Bg3 Nc5 11. Re1 Nxd3 12. Qxd3 Bd7 13. Qd2 Qa5 14.
Qg5 O-O 15. Ne2 f6 16. exf6 Rxf6 17. c3 Rf5 18. Qd2 Raf8 19. Ned4 R5f6 20.
a3 Nxd4 21. Nxd4 Bxd4 22. Qxd4 Qa4 23. Rac1 Qb3 24. Re2 Bb5 25. Rd2 Qc4 26.
Qxc4 Bxc4 27. Re1 Rc8 28. Be5 Rf5 29. f4 Rf7 30. Re3 h6 31. Rf2 Kh7 32. g4
Rcf8 33. Bd6 Rd8 34. Be5 Ba2 35. Re1 Rc8 36. Kg2 Rcf8 37. Bd6 Rd8 1/2-1/2

[Event "TCh-RUS"]
[Site "Togliatti RUS"]
[Date "2003.05.23"]
[Round "8"]
[White "Kovalevskaya,E"]
[Black "Zvjaginsev,V"]
[Result "1/2-1/2"]
[WhiteElo "2447"]
[BlackElo "2664"]
[EventDate "2003.05.16"]

1. e4 d6 2. d4 Nf6 3. Nc3 g6 4. Nf3 Bg7 5. Be2 O-O 6. O-O c5 7. d5 Na6 8.
Bf4 Nc7 9. a4 b6 10. Qd2 Bb7 11. Rad1 a6 12. Rfe1 Qd7 13. Bh6 b5 14. Bxg7
Kxg7 15. axb5 axb5 16. e5 Nfxd5 17. Bxb5 Nxb5 18. Nxd5 Rad8 19. c4 Bxd5 20.
Qxd5 Nc7 21. Qe4 Qf5 22. Qxf5 gxf5 23. exd6 Rxd6 24. Rxd6 exd6 25. Re7 Ne6
26. Rd7 Ra8 27. g3 Ra6 28. Rb7 Kg6 29. Kg2 Ra1 30. b3 Rd1 31. Rb6 Rd3 32.
Ne1 Rd2 33. Nf3 Rd1 34. Rb8 Rd3 35. Ne1 Rd2 36. Nf3 Rd1 37. Rb6 Nf8 38. Rb7
h6 39. Ng1 Ne6 40. Nf3 f4 41. g4 Ng5 42. h4 Ne4 43. Rb8 Kg7 44. g5 hxg5 45.
hxg5 Rd3 46. Re8 Nd2 47. Nxd2 Rxd2 48. Kf3 Kg6 49. Kxf4 Rxf2+ 50. Kg4 Rg2+
51. Kf4 Rf2+ 1/2-1/2

[Event "TCh-RUS"]
[Site "Togliatti RUS"]
[Date "2003.05.23"]
[Round "8"]
[White "Rustemov,A"]
[Black "Ovetchkin,R"]
[Result "0-1"]
[WhiteElo "2581"]
[BlackElo "2535"]
[EventDate "2003.05.16"]

1. Nf3 d6 2. d4 Bg4 3. c4 Nd7 4. Nc3 Ngf6 5. e4 c5 6. d5 g6 7. Be2 Bg7 8.
O-O O-O 9. Bd2 Bxf3 10. Bxf3 e6 11. Qc2 exd5 12. exd5 Re8 13. Rae1 Qb6 14.
g3 a6 15. b3 Kf8 16. Kg2 Rxe1 17. Rxe1 Re8 18. Rxe8+ Nxe8 19. g4 Qd8 20. g5
Qe7 21. h4 Qe5 22. Qd3 Qd4 23. Qxd4 Bxd4 24. Ne2 Bb2 25. Bg4 Ke7 26. f4 f5
27. Bf3 b5 28. Ng3 bxc4 29. bxc4 Nb6 30. Be2 Na4 31. Bd3 Nc3 32. Bxc3 Bxc3
33. h5 Nc7 34. h6 Na8 35. Nxf5+ gxf5 36. Bxf5 Nb6 37. Bd3 Kf8 38. Kf3 Kg8
39. Kg4 a5 40. Kf5 Bd2 41. Kg4 a4 42. Kf3 a3 43. Kg4 Bc1 44. Kf3 Na4 45.
Kg4 Nc3 46. f5 Nxa2 47. f6 Bb2 48. Bxh7+ Kxh7 49. Kf5 Nb4 50. f7 Bg7 51.
hxg7 Kxg7 52. Ke6 Kf8 53. g6 a2 54. g7+ Kxg7 55. Ke7 a1=Q 56. f8=Q+ Kg6 57.
Qf7+ Kg5 58. Kxd6 Nd3 59. Qg8+ Kf4 60. Qf8+ Ke3 61. Qh6+ Nf4 62. Kc7 Qe5+
63. Kc6 Kd4 64. Qh1 Qe8+ 65. Kd6 Qg6+ 66. Kc7 Kxc4 67. d6 Nd5+ 68. Kb7 Qxd6
0-1

[Event "TCh-RUS"]
[Site "Togliatti RUS"]
[Date "2003.05.23"]
[Round "8"]
[White "Lysyj,I"]
[Black "Galkin,A"]
[Result "1/2-1/2"]
[WhiteElo "2475"]
[BlackElo "2591"]
[EventDate "2003.05.16"]

1. d4 d5 2. Nf3 c6 3. c4 e6 4. Qc2 Nf6 5. Bg5 h6 6. Bh4 dxc4 7. Qxc4 b5 8.
Qc2 Bb7 9. e3 Nbd7 10. Bd3 Rc8 11. O-O Be7 12. Qe2 O-O 13. Nbd2 b4 14. e4
c5 15. e5 Nh5 16. Bxe7 Qxe7 17. Qe3 cxd4 18. Qxd4 Rfd8 19. Qe3 Nb6 20. Rfc1
Rxc1+ 21. Rxc1 Nf4 22. Bb1 Nbd5 23. Qe4 Ng6 24. Qe1 Ndf4 25. Qe3 Ba6 26.
Rd1 Bd3 27. g3 Bxb1 28. Rxb1 Nd3 29. Nc4 Rd5 30. b3 Qc5 31. Qxc5 Rxc5 32.
Rd1 Ngxe5 33. Nfxe5 Nxe5 34. Nxe5 Rxe5 35. Rd8+ Kh7 36. Rd7 Ra5 37. Rb7
Rxa2 38. Rxb4 Kg6 39. Rb7 Kf6 40. h4 e5 41. b4 g6 42. b5 h5 43. b6 axb6 44.
Rxb6+ Kf5 45. Rb7 f6 46. Rb6 e4 47. Kf1 g5 48. hxg5 Kxg5 49. Rb8 Kg4 50.
Rf8 f5 51. Kg2 Kg5 52. Rg8+ Kf6 53. Rf8+ Kg6 54. Rg8+ Kf7 55. Rg5 Kf6 56.
Rxh5 e3 57. Kf3 exf2 58. Rh1 Kg5 59. Rf1 Ra3+ 60. Kxf2 Kg4 61. Rb1 Rf3+ 62.
Kg2 Rxg3+ 63. Kf2 Ra3 64. Rb4+ f4 65. Rb2 Rh3 66. Kg2 f3+ 67. Kg1 Rh8 68.
Rb7 1/2-1/2

[Event "TCh-RUS"]
[Site "Togliatti RUS"]
[Date "2003.05.23"]
[Round "8"]
[White "Svidler,P"]
[Black "Grischuk,A"]
[Result "1/2-1/2"]
[WhiteElo "2713"]
[BlackElo "2701"]
[EventDate "2003.05.16"]

1. e4 c5 2. Nf3 Nc6 3. Bb5 e6 4. O-O Nge7 5. c3 a6 6. Ba4 b5 7. Bc2 Bb7 8.
Qe2 d5 9. e5 d4 10. Be4 Nd5 11. d3 dxc3 12. bxc3 Be7 13. c4 Nb6 14. a3 Na4
15. Bd2 O-O 16. Nc3 Nxc3 17. Bxc3 Qd7 18. Rfb1 Rab8 19. cxb5 axb5 20. Rxb5
Nd4 21. Nxd4 cxd4 22. Rab1 dxc3 23. Rxb7 Rxb7 24. Rxb7 Qd4 25. Rxe7 Qc5 26.
Qc2 Qxe7 27. Qxc3 Qd7 28. g3 Rc8 29. Qb4 g6 30. h4 Qc7 31. d4 Rb8 32. Qd2
Rd8 33. Qe3 Qc4 34. d5 exd5 35. Bd3 Qg4 36. Bb5 d4 37. Qb3 Qf5 38. Bc4 d3
39. e6 d2 40. exf7+ Kg7 41. Qc3+ Qf6 1/2-1/2

[Event "TCh-RUS"]
[Site "Togliatti RUS"]
[Date "2003.05.23"]
[Round "8"]
[White "Vaganian,R"]
[Black "Sakaev,K"]
[Result "1/2-1/2"]
[WhiteElo "2653"]
[BlackElo "2664"]
[EventDate "2003.05.16"]

1. d4 d5 2. c4 c6 3. Nc3 Nf6 4. e3 a6 5. Nf3 b5 6. cxd5 cxd5 7. Bd3 e6 8.
Ne5 Bb7 9. O-O Nbd7 10. f4 Be7 11. Qf3 O-O 12. a3 Nb6 13. Bd2 Nc8 14. f5
exf5 15. Qxf5 Nd6 16. Qh3 Nfe4 17. Nxe4 Nxe4 18. Bxe4 dxe4 19. Rac1 Qd5 20.
Nd7 Bc8 21. Nb6 Qb7 22. Nxc8 Raxc8 23. Qf5 Rc4 24. Rxc4 bxc4 25. Bc3 Bd6
26. d5 Qe7 27. Bd4 g6 28. Qf6 Qxf6 29. Bxf6 Rc8 30. Rd1 Kf8 31. g4 Rc5 32.
h3 Be7 33. Bd4 Rb5 34. a4 Rb3 35. Rc1 Rb4 36. b3 Rxb3 37. Rxc4 f5 38. Rc6
Bh4 39. d6 Rb1+ 40. Kg2 Re1 41. gxf5 1/2-1/2

[Event "TCh-RUS"]
[Site "Togliatti RUS"]
[Date "2003.05.23"]
[Round "8"]
[White "Sveshnikov,E"]
[Black "Volkov,S"]
[Result "0-1"]
[WhiteElo "2551"]
[BlackElo "2634"]
[EventDate "2003.05.16"]

1. e4 e6 2. d4 d5 3. e5 c5 4. c3 Qb6 5. Nf3 Bd7 6. a3 a5 7. b3 Na6 8. Be3
Rc8 9. Bd3 Nh6 10. Bxh6 gxh6 11. O-O Bg7 12. Ra2 cxd4 13. cxd4 Bb5 14. Rd2
O-O 15. Bxb5 Qxb5 16. Rd3 Rc1 17. Qxc1 Qxd3 18. Nbd2 h5 19. Rd1 Bh6 20. h4
Nb8 21. Qa1 Rc8 22. Nf1 Qxb3 23. Rb1 Qd3 24. Qb2 Nd7 25. Re1 b5 26. Ng3 Rc3
27. Nxh5 Rb3 28. Qa2 Rxa3 29. Qb2 Qb3 30. Qe2 Qc4 31. Qd1 Qd3 32. Qxd3 Rxd3
33. Nf6+ Nxf6 34. exf6 b4 35. Ne5 Rc3 36. Kf1 b3 37. Ke2 a4 38. Ra1 b2 39.
Rxa4 b1=Q 0-1

[Event "TCh-RUS"]
[Site "Togliatti RUS"]
[Date "2003.05.23"]
[Round "8"]
[White "Smirnov,P"]
[Black "Tseshkovsky,V"]
[Result "1-0"]
[WhiteElo "2615"]
[BlackElo "2564"]
[EventDate "2003.05.16"]

1. e4 d6 2. d4 g6 3. Nc3 Bg7 4. Bg5 c6 5. Qd2 b5 6. f4 Nf6 7. Bd3 b4 8.
Nce2 a5 9. Nf3 Ba6 10. f5 gxf5 11. exf5 Bxd3 12. Qxd3 Nbd7 13. Nf4 Qb6 14.
O-O-O O-O 15. g4 Qb5 16. Qxb5 cxb5 17. Bxf6 Nxf6 18. g5 Ne8 19. Rhe1 Ra7
20. Re2 Rd7 21. Rde1 e5 22. dxe5 dxe5 23. Nxe5 Rd4 24. Ned3 Nd6 25. f6 Bh8
26. Re5 h6 27. Rg1 Re8 28. Rxe8+ Nxe8 29. h4 Nd6 30. Re1 hxg5 31. hxg5 Ne4
32. Nh3 a4 33. Ne5 a3 34. Nc6 Rc4 35. Ne7+ Kf8 36. b3 Rd4 37. Nc6 Rd6 38.
Rxe4 Rxc6 39. Rxb4 Kg8 40. Rxb5 1-0

[Event "TCh-RUS"]
[Site "Togliatti RUS"]
[Date "2003.05.23"]
[Round "8"]
[White "Shariyazdanov,A"]
[Black "Lugovoi,A"]
[Result "1/2-1/2"]
[WhiteElo "2589"]
[BlackElo "2563"]
[EventDate "2003.05.16"]

1. d4 Nf6 2. c4 e6 3. Nf3 d5 4. Nc3 c5 5. cxd5 Nxd5 6. e3 Nc6 7. Bd3 Be7 8.
O-O cxd4 9. exd4 O-O 10. Re1 Bf6 11. Be4 Nce7 12. Qd3 h6 13. Ne5 Nxc3 14.
Qxc3 Nf5 15. Be3 a5 16. Rad1 a4 17. Ng4 Nxe3 18. Nxf6+ Qxf6 19. fxe3 Qd8
20. Rc1 Ra5 21. Re2 b6 22. Rec2 Bd7 23. Qc7 e5 24. d5 f5 25. Bd3 e4 26. Bf1
Qxc7 27. Rxc7 Rd8 28. d6 Kf8 29. Rb7 Rc5 30. Rd1 b5 31. b4 axb3 32. axb3
Be6 33. b4 Rd5 34. Rxd5 Bxd5 35. Rxb5 Rxd6 36. Rc5 Ke7 37. b5 Be6 38. Rc1
Kd7 39. Ra1 g5 40. Ra7+ Kc8 41. Be2 Bd7 42. Kf1 1/2-1/2

[Event "TCh-RUS"]
[Site "Togliatti RUS"]
[Date "2003.05.23"]
[Round "8"]
[White "Timofeev,Ar"]
[Black "Kobalia,M"]
[Result "1/2-1/2"]
[WhiteElo "2577"]
[BlackElo "2639"]
[EventDate "2003.05.16"]

1. e4 c5 2. Nf3 d6 3. d4 cxd4 4. Nxd4 Nf6 5. Nc3 a6 6. Be2 e5 7. Nb3 Be7 8.
O-O O-O 9. Kh1 Nc6 10. Be3 Be6 11. Qd2 b5 12. Bf3 a5 13. a4 bxa4 14. Rxa4
Bd7 15. Ra3 d5 16. exd5 Nd4 17. Nxd4 Bxa3 18. bxa3 exd4 19. Bxd4 Rc8 20.
Qd3 Re8 21. h3 h6 22. Nd1 Nh7 23. Ne3 Ng5 24. Bg4 Ne4 25. Bxd7 Qxd7 26. c4
f5 27. Kg1 f4 28. Ng4 Qf5 29. Re1 Ng3 30. Qd1 Rxe1+ 31. Qxe1 Rxc4 32. Nxh6+
gxh6 33. Qe8+ Kh7 34. Qh8+ Kg6 35. Qg8+ Kh5 36. Qe8+ Kg5 37. Qd8+ Kh5 38.
Qe8+ Qg6 39. Qe5+ Qg5 40. Qe8+ Qg6 41. Qe5+ Qg5 42. Qe8+ Qg6 1/2-1/2

[Event "TCh-RUS"]
[Site "Togliatti RUS"]
[Date "2003.05.23"]
[Round "8"]
[White "Loginov,Va"]
[Black "Yandemirov,V"]
[Result "1/2-1/2"]
[WhiteElo "2540"]
[BlackElo "2475"]
[EventDate "2003.05.16"]

1. Nf3 Nf6 2. g3 g6 3. c4 Bg7 4. Bg2 O-O 5. d4 c6 6. Nc3 d5 7. Qb3 dxc4 8.
Qxc4 a5 9. O-O a4 10. Bf4 Qa5 11. Qxa4 Qxa4 12. Nxa4 Rxa4 13. Bxb8 Be6 14.
Be5 Rxa2 15. Rxa2 Bxa2 16. Ra1 Bc4 17. e3 Nd7 18. Bxg7 Kxg7 19. Nd2 Be6 20.
Ra7 Rb8 21. h3 Nb6 22. Ne4 Nc8 23. Ra3 Bd5 24. Nc5 b6 25. Nd3 Bxg2 26. Kxg2
Nd6 27. b4 f6 28. Ra7 Kf7 29. Kf3 Nb5 30. Ra1 Ke6 31. h4 Kd6 32. Nb2 Kc7
33. h5 gxh5 34. Nd3 Rb7 35. Nf4 Ra7 36. Rxa7+ Nxa7 37. Nxh5 Nb5 38. Ke4
Nc3+ 39. Kd3 Na2 40. Kc4 b5+ 41. Kb3 Nc1+ 1/2-1/2

[Event "TCh-RUS"]
[Site "Togliatti RUS"]
[Date "2003.05.23"]
[Round "8"]
[White "Gabdrakhmanov,R"]
[Black "Yevseev,D"]
[Result "0-1"]
[WhiteElo "2427"]
[BlackElo "2580"]
[EventDate "2003.05.16"]

1. Nf3 d5 2. d4 Nf6 3. c4 e6 4. e3 Nbd7 5. Nbd2 Be7 6. Bd3 O-O 7. b3 b6 8.
O-O Bb7 9. Qc2 c5 10. Bb2 cxd4 11. exd4 Rc8 12. Ne5 dxc4 13. bxc4 b5 14.
Nxd7 Qxd7 15. c5 Rfd8 16. Nb3 g6 17. Qe2 a6 18. Na5 Ba8 19. a4 Nd5 20. Qd2
e5 21. axb5 Nf4 22. c6 Qd5 23. f3 Nxd3 24. Qxd3 axb5 25. Qe2 Bxc6 26. Nxc6
Rxc6 27. Rfd1 Qb3 28. Rd3 Rc2 29. Rxb3 Rxe2 30. Kf1 Rc2 31. Re1 Bf6 32. Re2
Rxe2 33. Kxe2 Rd5 34. dxe5 Bxe5 35. Bxe5 Rxe5+ 36. Kd3 Kg7 37. f4 Rd5+ 38.
Ke4 Rc5 39. Kd4 Rc2 40. g3 Rxh2 41. Ke3 Rh5 42. Kd4 Rf5 43. Ke4 h5 44. Rb1
Kf8 45. Rd1 Ke7 46. Rd4 Rc5 47. Kd3 Ke6 48. Re4+ Kf5 49. Re7 f6 50. Rb7 Kg4
51. Rg7 g5 52. fxg5 fxg5 53. Rh7 b4 54. Rb7 Kxg3 55. Rxb4 g4 56. Ke4 Rc3
57. Rb1 Kh2 58. Rb2+ Kh3 59. Rb1 g3 60. Rh1+ Kg4 0-1

[Event "TCh-RUS"]
[Site "Togliatti RUS"]
[Date "2003.05.23"]
[Round "8"]
[White "Klimov,S"]
[Black "Rodchenkov,V"]
[Result "1-0"]
[WhiteElo "2507"]
[BlackElo "2417"]
[EventDate "2003.05.16"]

1. e4 e5 2. Nf3 Nc6 3. Bb5 Nf6 4. Qe2 d6 5. c3 Bd7 6. O-O a6 7. Ba4 Be7 8.
Rd1 O-O 9. Bb3 Na5 10. Bc2 Re8 11. d4 Bf8 12. dxe5 dxe5 13. Bg5 Bd6 14.
Nbd2 Qe7 15. b4 Nc6 16. Nc4 h6 17. Bh4 Be6 18. Ne3 Nb8 19. Nd2 c6 20. Nf5
Bxf5 21. exf5 e4 22. Nxe4 Be5 23. Bxf6 gxf6 24. Rd3 Rd8 25. Rh3 Qf8 26. f4
Bxf4 27. Qg4+ Bg5 28. Nxf6+ Kh8 29. Qxg5 1-0

[Event "TCh-RUS"]
[Site "Togliatti RUS"]
[Date "2003.05.23"]
[Round "8"]
[White "Torbin,K"]
[Black "Sivokho,S"]
[Result "1/2-1/2"]
[WhiteElo "2427"]
[BlackElo "2494"]
[EventDate "2003.05.16"]

1. d4 Nf6 2. Nf3 e6 3. c4 c5 4. dxc5 Bxc5 5. e3 b6 6. a3 Bb7 7. Be2 O-O 8.
O-O Be7 9. b3 d5 10. Nbd2 Nbd7 11. Bb2 Rc8 12. Rc1 Nc5 13. b4 Nce4 14. Nxe4
Nxe4 15. Nd4 dxc4 16. Bxc4 Bf6 17. Qe2 Qe7 18. f3 Nd6 19. Bd3 Rfd8 20. Rfd1
Bxd4 21. Bxd4 e5 22. Bb2 Rxc1 23. Rxc1 e4 24. fxe4 Bxe4 25. Qg4 Bg6 26. Bd4
Ne4 27. Bxe4 Qxe4 28. Qxe4 Bxe4 29. Rc7 Ra8 30. g4 h6 31. h4 Bf3 32. g5
hxg5 33. hxg5 Bh5 34. Kf2 Kh7 35. Kg3 Kg6 36. Kf4 b5 37. Bxa7 Be2 38. Rc6+
f6 39. Ra6 Bd3 40. gxf6 gxf6 41. Ra5 Kf7 42. Ra6 Bc2 43. Kf3 Bd3 44. Kf2
Be4 45. Ke2 Bb7 46. Ra5 Ke6 47. Kd3 Kd6 48. a4 bxa4 49. b5 Ke5 50. Rxa4 f5
51. Kc3 Rc8+ 52. Kb2 Bd5 53. Bd4+ Ke4 54. b6 Kd3 55. Rb4 Bb7 56. Ra4 Ra8
57. Rb4 Rc8 58. Rb3+ Ke4 59. Bf6 f4 60. exf4 Kxf4 61. Rb5 Rf8 62. Be5+ Ke4
63. Bc7 Rf5 64. Rb4+ Kd5 65. Rh4 Kc5 66. Rh7 Kb5 67. Kc3 Rd5 68. Rh6 Rd1
69. Bf4 Be4 70. Re6 Rd3+ 71. Kb2 Bd5 72. Rd6 Kc4 1/2-1/2

[Event "TCh-RUS"]
[Site "Togliatti RUS"]
[Date "2003.05.23"]
[Round "8"]
[White "Askarov,M"]
[Black "Lanin,A"]
[Result "1-0"]
[WhiteElo "2260"]
[BlackElo "2259"]
[EventDate "2003.05.16"]

1. d4 Nf6 2. Nf3 d5 3. c4 e6 4. Qc2 Nbd7 5. g3 Be7 6. Bg2 O-O 7. O-O c6 8.
b3 b5 9. cxb5 cxb5 10. Bf4 Qb6 11. a4 b4 12. Bc7 Qa6 13. Rc1 Bb7 14. Bf1
Rfc8 15. e3 Qc6 16. Qd1 Qxc7 17. Rxc7 Rxc7 18. Nbd2 Rac8 19. a5 Nb8 20. Ne5
Bd6 21. Nd3 Rc3 22. Nb1 R3c7 23. Nd2 Ba6 24. Be2 h6 25. f3 Rc3 26. Nf1 Rc2
27. Nc5 Rxe2 28. Nxa6 Rec2 29. Nxb8 Bxb8 30. Qd3 R8c6 31. e4 a6 32. e5 Ne8
33. f4 Ba7 34. f5 Nc7 35. Ra4 R6c3 36. Qd1 Rc1 37. Qd2 R3c2 38. Qd3 Nb5 39.
Rxb4 Nc3 40. Qxa6 Ne2+ 41. Kg2 Bxd4 42. Kh3 Rxf1 43. fxe6 Bxe5 44. e7 Ng1+
45. Kg4 h5+ 46. Kxh5 Rxh2+ 47. Rh4 g6+ 48. Kg4 f5+ 49. Kg5 Nf3+ 50. Kxg6
Nxh4+ 51. gxh4 Rg1+ 52. Kh5 Kf7 53. e8=Q+ Kxe8 54. Qa8+ Ke7 55. Qa7+ Ke6
56. Qxg1 d4 57. a6 Ra2 58. Qg8+ 1-0

[Event "TCh-RUS"]
[Site "Togliatti RUS"]
[Date "2003.05.23"]
[Round "8"]
[White "Bocharov,D"]
[Black "Makarov,M"]
[Result "1/2-1/2"]
[WhiteElo "2492"]
[BlackElo "2498"]
[EventDate "2003.05.16"]

1. d4 d5 2. c4 dxc4 3. Nf3 e6 4. e4 b5 5. a4 c6 6. axb5 cxb5 7. b3 Bb7 8.
Nbd2 Nf6 9. e5 Ne4 10. bxc4 Bb4 11. cxb5 O-O 12. Bc4 Nd7 13. Ba3 Nxd2 14.
Nxd2 Bxa3 15. Rxa3 Nb6 16. Rd3 Rc8 17. Ba2 Nd5 18. Bxd5 Qxd5 19. f3 Qxb5
20. Rb3 Qd7 21. Qb1 Bc6 22. Qa1 Rfd8 23. Ke2 Qxd4 24. Qxd4 Rxd4 25. Rc1
Rcd8 26. Rb2 Bb5+ 27. Ke1 a6 28. Ne4 R4d5 29. Rc5 Rxc5 30. Nxc5 Kf8 31. Ra2
Rd5 32. Nxa6 Bc4 33. Ra4 Rxe5+ 34. Kf2 Re2+ 35. Kg3 Bb5 36. Ra1 h5 37. h4
Ke7 38. Nc5 Bc6 39. Ra7+ Kf6 40. Rc7 Bd5 41. Nd7+ Kf5 42. Nb6 Kg6 43. Nxd5
exd5 44. Rd7 Rd2 45. Kf4 Rxg2 46. Rxd5 f6 47. Ra5 Rb2 48. Rc5 Rb6 49. Ra5
Kh6 50. Ra8 Rb4+ 51. Kg3 g5 52. hxg5+ Kxg5 53. Rg8+ Kf5 54. Rh8 Kg6 55.
Rg8+ Kh7 56. Ra8 Kg7 57. Rc8 h4+ 58. Kh3 Rf4 59. Kg2 Kg6 60. Rg8+ Kf5 61.
Rh8 Rd4 62. Kh3 Rd1 63. Rxh4 Rh1+ 1/2-1/2

[Event "TCh-RUS"]
[Site "Togliatti RUS"]
[Date "2003.05.23"]
[Round "8"]
[White "Meister,Y"]
[Black "Frolov,D"]
[Result "1/2-1/2"]
[WhiteElo "2513"]
[BlackElo "2418"]
[EventDate "2003.05.16"]

1. e4 e5 2. Bc4 Nc6 3. d3 Nf6 4. Nc3 Bc5 5. f4 d6 6. Nf3 a6 7. f5 b5 8. Bd5
Nxd5 9. Nxd5 f6 10. Be3 Bxe3 11. Nxe3 Ne7 12. Nd2 d5 13. Qh5+ Kf8 14. O-O-O
d4 15. Ng4 Qd6 16. Nf3 Bd7 17. Rhf1 Be8 18. Qh4 Nc6 19. a3 Ke7 20. Kd2 Bf7
21. Ke2 a5 22. Ra1 a4 23. Rfc1 b4 24. axb4 h5 25. Nf2 Qxb4 26. Nd1 a3 27.
bxa3 Rxa3 28. Rcb1 Qc5 29. Rxa3 Qxa3 30. g4 Rb8 31. Rxb8 Nxb8 32. Nxe5 Qc1
33. Nxf7 Qxc2+ 34. Ke1 Qxd3 35. g5 Kxf7 36. gxf6 gxf6 37. Qxh5+ Ke7 38. Nf2
Qc3+ 39. Kf1 Qc4+ 40. Qe2 Qc1+ 41. Kg2 Nd7 42. Qa2 c5 43. Qe6+ Kd8 44. h4
Kc7 45. Qg8 Qh6 46. Qg3+ Kc6 47. Ng4 Qd2+ 48. Qf2 Qxf2+ 49. Kxf2 c4 50. h5
Nc5 51. h6 Nxe4+ 52. Ke2 d3+ 53. Ke3 d2 54. Ke2 c3 55. Ne3 Ng5 56. Kd3 Kd6
57. Kxc3 d1=N+ 58. Nxd1 Ke5 59. Ne3 Nh7 60. Kd3 Kf4 1/2-1/2

[Event "TCh-RUS"]
[Site "Togliatti RUS"]
[Date "2003.05.23"]
[Round "8"]
[White "Loskutov,O"]
[Black "Skatchkov,P"]
[Result "1/2-1/2"]
[WhiteElo "2439"]
[BlackElo "2475"]
[EventDate "2003.05.16"]

1. e4 e5 2. Nf3 Nf6 3. d4 Nxe4 4. Bd3 Nc6 5. Nxe5 Nxe5 6. Bxe4 d5 7. dxe5
dxe4 8. Qxd8+ Kxd8 9. Nc3 Bb4 10. Bg5+ Ke8 11. O-O-O Bg4 12. Rd4 Bxc3 13.
bxc3 h6 14. Rxe4 Bh3 15. gxh3 hxg5 16. Rg1 Rxh3 17. Rxg5 Kf8 18. Rc4 c6 19.
Rcg4 Re8 20. Rxg7 Rxe5 21. Rg8+ Ke7 22. Rb8 b5 23. Rb7+ Ke6 24. Rxa7 Rxc3
25. Rg3 Rc4 26. Raa3 Rec5 27. Rae3+ Kd6 28. Re2 Rh5 29. Rd3+ Kc5 30. h3 Ra4
31. a3 Rah4 32. Ree3 Rf5 33. Rc3+ Kb6 34. Re2 Rfh5 35. Ree3 Rf5 36. Rf3
Rhf4 37. Rxf4 Rxf4 38. Kd2 Rxf2+ 39. Ke3 Rf1 40. Ke2 Rf4 41. Rf3 Rc4 42.
Kd2 Rd4+ 1/2-1/2

[Event "TCh-RUS"]
[Site "Togliatti RUS"]
[Date "2003.05.23"]
[Round "8"]
[White "Grachev,B"]
[Black "Beletsky,A"]
[Result "1-0"]
[WhiteElo "2483"]
[BlackElo "2439"]
[EventDate "2003.05.16"]

1. d4 Nf6 2. c4 g6 3. Nf3 Bg7 4. g3 O-O 5. Bg2 c5 6. d5 d6 7. Nc3 Na6 8.
O-O Nc7 9. a4 b6 10. e4 Rb8 11. e5 Nfe8 12. Re1 Bg4 13. Nb5 Nxb5 14. axb5
dxe5 15. Rxa7 Nd6 16. Qc2 f6 17. Be3 Ra8 18. Rea1 Rxa7 19. Rxa7 Qb8 20. Ra6
Bc8 21. Ra4 Rd8 22. Nd2 Rd7 23. Qb1 Ra7 24. Qa2 Rxa4 25. Qxa4 Kf8 26. b4
cxb4 27. Qxb4 Qc7 28. c5 bxc5 29. Bxc5 Nb7 30. Be3 f5 31. b6 Qd8 32. Nc4 e4
33. Qb5 Qd7 34. Qc6 e6 35. Bc5+ Ke8 36. Nd6+ Nxd6 37. Bxd6 exd5 38. Qxd5
Qf7 39. Qc6+ Qd7 40. Qd5 Qf7 41. Qc6+ Qd7 42. Qc4 Bf8 43. Bxf8 Kxf8 44. Qc3
Ke7 45. Qe5+ Qe6 46. Qc5+ Kf6 47. Qf8+ Kg5 48. h4+ Kh5 49. Qd8 Kh6 50. Qf8+
Kh5 51. Qg7 Qd7 52. Qxd7 1-0

[Event "TCh-RUS"]
[Site "Togliatti RUS"]
[Date "2003.05.23"]
[Round "8"]
[White "Odinokov,N"]
[Black "Geller,J"]
[Result "1/2-1/2"]
[WhiteElo "2349"]
[BlackElo "2441"]
[EventDate "2003.05.16"]

1. e4 c5 2. Nc3 Nc6 3. g3 g6 4. Bg2 Bg7 5. d3 Rb8 6. Be3 d6 7. Qd2 b5 8. h3
b4 9. Nd1 e6 10. Ne2 Nge7 11. Bh6 O-O 12. h4 f6 13. Bxg7 Kxg7 14. O-O e5
15. c3 bxc3 16. bxc3 Qa5 17. Qc2 Be6 18. Ne3 Qa3 19. Nd5 Rb2 20. Qc1 Rfb8
21. f4 c4 22. fxe5 dxe5 23. Nxf6 Qc5+ 24. Kh1 Rxe2 25. Nh5+ gxh5 26. Qg5+
Ng6 27. Qf6+ Kh6 28. Qg5+ 1/2-1/2

[Event "TCh-RUS"]
[Site "Togliatti RUS"]
[Date "2003.05.23"]
[Round "8"]
[White "Frolyanov,D"]
[Black "Katkov,S"]
[Result "1-0"]
[WhiteElo "2500"]
[BlackElo "2234"]
[EventDate "2003.05.16"]

1. e4 c5 2. Nf3 Nc6 3. d4 cxd4 4. Nxd4 Nf6 5. Nc3 e5 6. Ndb5 d6 7. Bg5 a6
8. Na3 b5 9. Bxf6 gxf6 10. Nd5 f5 11. c3 Bg7 12. exf5 Bxf5 13. Nc2 Be6 14.
Nce3 O-O 15. Bd3 f5 16. Qh5 Ra7 17. g4 e4 18. Bc2 Ne5 19. gxf5 Bf7 20. Qh3
Nf3+ 21. Ke2 Bxd5 22. Nxd5 Qc8 23. Ne3 b4 24. Bxe4 Ng5 25. Bd5+ Kh8 26. Qg4
Bf6 27. Qxb4 Re8 28. h4 Qxf5 29. hxg5 Bxg5 30. Qd4+ Rg7 31. Qd3 Qg4+ 32.
Bf3 Qf4 33. Rag1 Re5 34. Rg4 Qf6 35. Re4 Rf7 36. Ng4 Rxe4+ 37. Qxe4 Qd8 38.
Qd4+ Rg7 39. Be4 1-0

[Event "TCh-RUS"]
[Site "Togliatti RUS"]
[Date "2003.05.23"]
[Round "8"]
[White "Iskusnyh,S"]
[Black "Burmakin,V"]
[Result "0-1"]
[WhiteElo "2505"]
[BlackElo "2569"]
[EventDate "2003.05.16"]

1. d4 d5 2. c4 c6 3. Nf3 Nf6 4. Nc3 a6 5. e3 b5 6. b3 Bf5 7. Ne5 Ne4 8.
Nxe4 dxe4 9. cxb5 cxb5 10. g4 Be6 11. Bg2 Bd5 12. f3 exf3 13. Bxf3 e6 14.
O-O Ra7 15. e4 Ba8 16. Be3 Bd6 17. Nd3 Bc7 18. e5 Bb6 19. Bxa8 Bxd4 20.
Bxd4 Qxd4+ 21. Kg2 Rxa8 22. Qf3 Ra7 23. Nf4 Qxe5 24. Rae1 Qd6 25. Nh5 Rg8
26. Rc1 Rc7 27. Ng3 f6 28. Ne4 Qe5 29. Rxc7 Qxc7 30. Qd3 Nd7 31. Nd6+ Kf8
0-1

[Event "TCh-RUS"]
[Site "Togliatti RUS"]
[Date "2003.05.23"]
[Round "8"]
[White "Balashov,Y"]
[Black "Sherbakov,V"]
[Result "1-0"]
[WhiteElo "2494"]
[BlackElo "2446"]
[EventDate "2003.05.16"]

1. d4 Nf6 2. c4 e6 3. Nf3 b6 4. Nc3 Bb7 5. a3 Ne4 6. Nxe4 Bxe4 7. Nd2 Bb7
8. e4 g6 9. Bd3 Bg7 10. Nf3 d6 11. Bg5 f6 12. Be3 e5 13. d5 Bc8 14. b4 O-O
15. c5 bxc5 16. bxc5 f5 17. Rc1 fxe4 18. Bxe4 Nd7 19. cxd6 cxd6 20. O-O Nf6
21. Bc2 Bb7 22. Ng5 Bxd5 23. Bb3 Bxb3 24. Qxb3+ d5 25. Ne6 Qb8 26. Qxb8
Rfxb8 27. Nc7 d4 28. Bd2 Rc8 29. Nxa8 Rxa8 30. Rc4 Ne4 31. Ba5 Nd6 32. Rc6
Nb7 33. Bd2 Nd8 34. Ra6 Nf7 35. Rc1 e4 36. Rac6 Ne5 37. Rc8+ Rxc8 38. Rxc8+
Kf7 39. Rc7+ Kf6 40. Rxa7 Bf8 41. Bb4 Bh6 42. Rxh7 Nf7 43. a4 d3 44. Kf1
1-0

[Event "TCh-RUS"]
[Site "Togliatti RUS"]
[Date "2003.05.23"]
[Round "8"]
[White "Smikovski,I"]
[Black "Bachin,V"]
[Result "0-1"]
[WhiteElo "2489"]
[BlackElo "2443"]
[EventDate "2003.05.16"]

1. e4 c6 2. d4 d5 3. e5 Bf5 4. Nf3 e6 5. Be2 Nd7 6. O-O Bg6 7. Nbd2 Nh6 8.
Re1 Be7 9. Nf1 Nf5 10. c3 O-O 11. Qb3 Rb8 12. Ne3 c5 13. Nxf5 Bxf5 14. Be3
c4 15. Qd1 b5 16. a3 a5 17. Nd2 b4 18. axb4 axb4 19. Nf1 b3 20. Ra7 Ra8 21.
Qa1 Qb8 22. Rxd7 Rxa1 23. Rxa1 Bd8 24. Raa7 Bg6 25. g4 Qb5 26. h4 h6 27. h5
Bc2 28. Bd2 Bb6 29. Rab7 Qc6 30. f4 Rc8 31. Ne3 Bc7 0-1